| 000 | 00823nam a22002417a 4500 | ||
|---|---|---|---|
| 003 | DO-SdBPM | ||
| 005 | 20250305112655.0 | ||
| 008 | 161027b2010 p 00| 0 spa d | ||
| 020 | _a9786124026720 | ||
| 040 |
_aDO-SdBPM _bspa _cBPMSU |
||
| 082 | 4 |
_a808.83 _bC298m 2010 _222 |
|
| 100 | 1 |
_aSoria Carpio, Flor _d1962- _c |
|
| 245 | 1 | 0 |
_aMis reimacuentos : _bel flautista de Hamelín / _cAnónimo; adaptación Flor Soria Carpio |
| 260 |
_aPerú : _bEditorial Didáctica, _c2010 |
||
| 300 |
_a6 p. : _bil. ; _c21 cm |
||
| 490 | 0 |
_aMis rimacuentos ; _aCuentos clásicos en divertidas rimas _v |
|
| 590 | _aInventariado, 2024/VM | ||
| 650 | 4 |
_aCuentos infantiles _vColecciones |
|
| 650 | 4 |
_aCuentos infantiles _zAdaptaciones |
|
| 650 | 4 |
_aRimas _vCuentos |
|
| 910 | _aVMateo V. Control de calidad. BPMSU | ||
| 942 |
_2ddc _cBK |
||
| 999 |
_c14878 _d14878 |
||